Yüzün Yarısı Gece (Record no. 2602)

000 -LEADER
fixed length control field 00472nam a22001817a 4500
008 - FIXED-LENGTH DATA ELEMENTS--GENERAL INFORMATION
fixed length control field 180928b xxu||||| |||| 00| | tur d
020 ## - INTERNATIONAL STANDARD BOOK NUMBER
International Standard Book Number 9754944458
041 ## - LANGUAGE CODE
Language code of text/sound track or separate title Türkçe
050 ## - LIBRARY OF CONGRESS CALL NUMBER
Classification number PL248.B85
100 ## - MAIN ENTRY--PERSONAL NAME
Personal name Buyrukçu, Muzaffer
9 (RLIN) 1147
245 ## - TITLE STATEMENT
Title Yüzün Yarısı Gece
250 ## - EDITION STATEMENT
Edition statement 1. Baskı
260 ## - PUBLICATION, DISTRIBUTION, ETC.
Place of publication, distribution, etc. Ankara
Name of publisher, distributor, etc. Bilgi Yayınevi
Date of publication, distribution, etc. Mart 1994
300 ## - PHYSICAL DESCRIPTION
Extent 249 Sayfa
500 ## - GENERAL NOTE
General note Bilgi yayınları Yeni Dizi: 31
650 #0 - SUBJECT ADDED ENTRY--TOPICAL TERM
9 (RLIN) 145
Topical term or geographic name entry element Türk Edebiyatı
942 ## - ADDED ENTRY ELEMENTS (KOHA)
Source of classification or shelving scheme
Koha item type Books
Holdings
Withdrawn status Lost status Source of classification or shelving scheme Damaged status Not for loan Permanent Location Current Location Shelving location Date acquired Full call number Barcode Date last seen Price effective from Koha item type
        Ödünç verilemez İmren Ahmet Tüzün Kütüphanesi İmren Ahmet Tüzün Kütüphanesi Ahmet Tüzün 2018-10-11 PL248.B85 100100002562 2018-10-11 2018-10-11 Books

This software was implemented, installed and managed by Devinim Software Training Consulting .